Los 10 países más felices de Latinoamérica - Estadísticas

Estadísticas generales
  • Esta prueba ha sido intentada 81 veces
  • La puntuación promedio es 9 de 10
Estadísticas de respuestas
Puntaje País % Correcto
6.732 Argentina
95%
6.749 Brasil
95%
6.909 Chile
92%
6.721 Paraguay
92%
7.354 Uruguay
92%
7.774 Costa Rica
90%
7.098 El Salvador
87%
6.789 Guatemala
83%
6.872 Panamá
82%
6.761 Nicaragua
69%
No se encontraron pruebas coincidentes
Distribución de puntuación
Porcentaje de gente con cada puntuación
Porcentaje por número respondido
Historial de tus puntuaciones
No has intentado esta prueba.